<?xml version="1.0" encoding="UTF-8"?>
<record
    xmlns:xsi="http://www.w3.org/2001/XMLSchema-instance"
    xsi:schemaLocation="http://www.loc.gov/MARC21/slim http://www.loc.gov/standards/marcxml/schema/MARC21slim.xsd"
    xmlns="http://www.loc.gov/MARC21/slim">

  <leader>02598nam a2200289Ia 4500</leader>
  <controlfield tag="003">OSt</controlfield>
  <controlfield tag="005">20211112144842.0</controlfield>
  <controlfield tag="008">210310s1944    mx     fr     000 0 spa d</controlfield>
  <datafield tag="020" ind1=" " ind2=" ">
    <subfield code="a">9789681602099</subfield>
  </datafield>
  <datafield tag="040" ind1=" " ind2=" ">
    <subfield code="a">CO-JMCR</subfield>
    <subfield code="c">CO-JMCR</subfield>
  </datafield>
  <datafield tag="041" ind1="1" ind2=" ">
    <subfield code="a">spa</subfield>
    <subfield code="h">fre</subfield>
  </datafield>
  <datafield tag="082" ind1="0" ind2="4">
    <subfield code="a">330.1 /</subfield>
    <subfield code="b">S392t</subfield>
    <subfield code="2">23</subfield>
  </datafield>
  <datafield tag="100" ind1="1" ind2=" ">
    <subfield code="a">Schumpeter, Joseph Alois, </subfield>
    <subfield code="9">18234</subfield>
    <subfield code="e">autor</subfield>
  </datafield>
  <datafield tag="245" ind1="1" ind2="0">
    <subfield code="a">Teor&#xED;a del desenvolvimiento econ&#xF3;mico : </subfield>
    <subfield code="b">una investigaci&#xF3;n sobre ganancias, capital, cr&#xE9;dito, inter&#xE9;s y ciclo econ&#xF3;mico / </subfield>
    <subfield code="c">Joseph A. Schumpeter ; traducci&#xF3;n de Jes&#xFA;s Prados Arrarte</subfield>
  </datafield>
  <datafield tag="250" ind1=" " ind2=" ">
    <subfield code="a">Primera edici&#xF3;n</subfield>
  </datafield>
  <datafield tag="260" ind1=" " ind2=" ">
    <subfield code="a">M&#xE9;xico : </subfield>
    <subfield code="b">Fondo de Cultura Econ&#xF3;mica, </subfield>
    <subfield code="c">1944</subfield>
  </datafield>
  <datafield tag="300" ind1=" " ind2=" ">
    <subfield code="a">254 p&#xE1;ginas ; </subfield>
    <subfield code="c">22 cm.</subfield>
  </datafield>
  <datafield tag="490" ind1="0" ind2=" ">
    <subfield code="a">Secci&#xF3;n de Obras de Econom&#xED;a</subfield>
  </datafield>
  <datafield tag="500" ind1=" " ind2=" ">
    <subfield code="a">Incluye notas a pie de p&#xE1;gina.
T&#xED;tulo original: Theorie der wirtschaftlichen Entwicklung</subfield>
  </datafield>
  <datafield tag="505" ind1="0" ind2=" ">
    <subfield code="a">La corriente circular de la vida econ&#xF3;mica en tanto que condicionada por circunstancias dadas -- El fen&#xF3;meno fundamental del desenvolvimiento econ&#xF3;mico -- Cr&#xE9;dito y capital -- La ganancia del empresario -- Inter&#xE9;s de capital -- El ciclo econ&#xF3;mico</subfield>
  </datafield>
  <datafield tag="520" ind1="3" ind2=" ">
    <subfield code="a">Cuando en 1907 Joseph A. Schumpeter comenz&#xF3; a estudiar el desenvolvimiento econ&#xF3;mico, se dio cuenta de que la teor&#xED;a tradicional no era suficiente y de que, aunque la llamada "econom&#xED;a din&#xE1;mica" hab&#xED;a descubierto diversos factores externos que causaban cambios en el mundo econ&#xF3;mico, todav&#xED;a no era posible explicar los procesos hist&#xF3;ricos que envolv&#xED;an tales transformaciones. Sin embargo, fue &#xE9;l mismo quien encontr&#xF3; un factor puramente econ&#xF3;mico y de enorme importancia: la "innovaci&#xF3;n". En esta obra, Schumpeter explica y demuestra que la manera en que las innovaciones y los avances tecnol&#xF3;gicos son absorbidos por el sistema permite explicar las continuas revoluciones econ&#xF3;micas y su realidad hist&#xF3;rica. Modelo te&#xF3;rico mera mente enfocado en el desenvolvimiento econ&#xF3;mico, esta propuesta es a&#xFA;n en nuestros d&#xED;as un texto clave para los estudiosos de la econom&#xED;a. Joseph A. Schumpeter (1883-1950), economista austriaco-estadunidense nacido en Moravia, hoy Rep&#xFA;blica Checa, lleg&#xF3; a ser ministro de Finanzas de Austria y profesor en las universidades de Bonn y Harvard. El FCE ha publicado sus libros Historia del an&#xE1;lisis econ&#xF3;mico (2 vols.) y Elementos de matem&#xE1;ticas para economistas y estadigrafos (en coautoria con William Leonard Crum).
</subfield>
  </datafield>
  <datafield tag="546" ind1=" " ind2=" ">
    <subfield code="a">Traducido del franc&#xE9;s.</subfield>
  </datafield>
  <datafield tag="650" ind1="1" ind2="4">
    <subfield code="a">Econom&#xED;a</subfield>
    <subfield code="9">18236</subfield>
    <subfield code="x">Teor&#xED;a</subfield>
  </datafield>
  <datafield tag="650" ind1="2" ind2="4">
    <subfield code="a">Econom&#xED;a</subfield>
    <subfield code="x">Historia</subfield>
    <subfield code="9">7392</subfield>
  </datafield>
  <datafield tag="700" ind1="1" ind2=" ">
    <subfield code="a">Prados Arrarte, Jes&#xFA;s, </subfield>
    <subfield code="e">traductor</subfield>
    <subfield code="9">41515</subfield>
  </datafield>
  <datafield tag="942" ind1=" " ind2=" ">
    <subfield code="2">ddc</subfield>
    <subfield code="c">BK</subfield>
  </datafield>
  <datafield tag="999" ind1=" " ind2=" ">
    <subfield code="c">8769</subfield>
    <subfield code="d">8769</subfield>
  </datafield>
  <datafield tag="952" ind1=" " ind2=" ">
    <subfield code="0">0</subfield>
    <subfield code="1">0</subfield>
    <subfield code="2">ddc</subfield>
    <subfield code="4">0</subfield>
    <subfield code="7">0</subfield>
    <subfield code="8">NFIC</subfield>
    <subfield code="a">CPL</subfield>
    <subfield code="b">CPL</subfield>
    <subfield code="d">2018-04-15</subfield>
    <subfield code="e">Donaci&#xF3;n</subfield>
    <subfield code="l">1</subfield>
    <subfield code="m">2</subfield>
    <subfield code="o">330.1 / S392t</subfield>
    <subfield code="p">430006112</subfield>
    <subfield code="r">2025-04-07 17:26:58</subfield>
    <subfield code="s">2025-02-25</subfield>
    <subfield code="t">Ej.1</subfield>
    <subfield code="y">BK</subfield>
  </datafield>
</record>
